[Patrick Henry (ed.): Jewish Resistance against the Nazis]
| Titel: | [Patrick Henry (ed.): Jewish Resistance against the Nazis] / Rachel L. Einwohner |
|---|---|
| Verfasser: | |
| In: |
Holocaust and genocide studies, Band 30, Heft 2 (2016), Seite 353-355 alle Artikel anzeigen |
| Veröffentlicht: | 2016 |
| Format: | Aufsatz |
| Sprache: | Englisch |
X
alg: 43254143
001A $03025:13-06-18
001B $01999:27-07-21 $t17:20:40.000
001C $03025:13-06-18 $t11:45:55.000
001D $03025:13-06-18
001U $0utf8
001X $00
002@ $0Oou
002C $aText $btxt $2rdacontent
002D $aComputermedien $bc $2rdamedia
002E $aOnline-Ressource $bcr $2rdacarrier
003@ $0432541438
004P $010.1093/hgs/dcw033
007A $0432541438 $aHEB
010@ $aeng
010E $erda
011@ $a2016
013D $#Newspapers Sections, columns, etc. Reviews $#Book reviewing $#Journaux Cahiers, chroniques, etc. Comptes rendus $#Livres Recension $#Rezension $#Buchbesprechung $#Buchrezension $#Buchkritik $74049712-4 $8Rezension [Ts1] $9085138568
021A $a[Patrick Henry (ed.): Jewish Resistance against the Nazis] $hRachel L. Einwohner
028A $BVerfasser $4aut $71138040053 $8Einwohner, Rachel L. [Tp3] $9415636566
031A $d30 $e2 $h353-355 $j2016
039B $aEnthalten in $8--Obvc--. Holocaust and genocide studies. - Oxford {[u.a.] : Oxford Univ. Press, 1986-. - Online-Ressource. - ISSN 1476-7937 $x201600000300002647 $910488908X
039T $8--Aau--. Jewish resistance against the Nazis. - Washington, D.C. : The Catholic University of America Press, 2014. - 630 S.. - ISBN 978-0-8132-2589-0 $933985779X
045F $a900.9437 $eDDC23BSB
045F/01 $a900
045F/03 $g437
045T $aROM $qDE-5 $2FID
045T $aROM $qDE-18 $2FID
045T $aJUDAICA $qDE-30 $2FID
045T $aINTRECHT $qDE-1a $2FID
045T $aKRIM $qDE-21 $2FID
045T $a2,1
lok: 43254143 78
exp: 43254143 78 1 #EPN
201B/01 $013-06-18 $t11:45:55.000
201C/01 $013-06-18
201U/01 $0utf8
203@/01 $01023531542
204P/01 $010.1093/hgs/dcw033
208@/01 $a13-06-18 $be
209A/01 $a/ $f000 $x00
209A/01 $ab*p $x01
220C/01 $apgar
244Z/01 $#Ostmitteleuropa $#Ostmitteleuropa $#Mitteleuropa, Ost $#Central Europe Ostmitteleuropa $#Mittelosteuropa $74075753-5 $8--Tg1--Ostmitteleuropa $x01 $9085214485
247C/01 $82080>Marburg/Lahn, Herder-Institut, Forschungsbibliothek, Bibliographieportal $9336309341
| LEADER | 00000caa a2200000 c 4500 | ||
|---|---|---|---|
| 001 | 432541438 | ||
| 003 | DE-603 | ||
| 005 | 20210727172040.0 | ||
| 007 | cr|||||||||||| | ||
| 008 | 180613s2016 xx |||| o| u00||u|eng c | ||
| 024 | 7 | |a 10.1093/hgs/dcw033 |2 doi | |
| 035 | |a (DE-599)HEB432541438 | ||
| 040 | |a DE-603 |b ger |c DE-603 |d DE-603 |e rda | ||
| 041 | |a eng | ||
| 082 | 0 | 4 | |8 1\u |a 900.9437 |q DE-101 |2 23/BSB |
| 084 | |a ROM |q DE-5 |2 fid | ||
| 084 | |a ROM |q DE-18 |2 fid | ||
| 084 | |a JUDAICA |q DE-30 |2 fid | ||
| 084 | |a INTRECHT |q DE-1a |2 fid | ||
| 084 | |a KRIM |q DE-21 |2 fid | ||
| 084 | |a 2,1 |2 ssgn | ||
| 085 | |8 1\u |b 900 | ||
| 085 | |8 1\u |z 2 |s 437 | ||
| 100 | 1 | |a Einwohner, Rachel L. |e Verfasser |4 aut |0 (DE-603)415636566 |0 (DE-588)1138040053 |2 gnd | |
| 245 | 0 | 0 | |a [Patrick Henry (ed.): Jewish Resistance against the Nazis] |c Rachel L. Einwohner |
| 264 | 0 | |c 2016 | |
| 336 | |a Text |b txt |2 rdacontent | ||
| 337 | |a Computermedien |b c |2 rdamedia | ||
| 338 | |a Online-Ressource |b cr |2 rdacarrier | ||
| 655 | 7 | |a Rezension |2 gnd-content |0 (DE-588)4049712-4 |0 (DE-603)085138568 | |
| 773 | 0 | 8 | |i Enthalten in |t Holocaust and genocide studies |d Oxford [u.a.] : Oxford Univ. Press, 1986- |h Online-Ressource |x 1476-7937 |g Band 30, Heft 2 (2016), Seite 353-355 |w (DE-603)10488908X |w (DE-600)2079719-9 |
| 787 | 0 | 8 | |i Rezension von |t Jewish resistance against the Nazis |d Washington, D.C. : The Catholic University of America Press, 2014 |h 630 S. |z 9780813225890 |w (DE-603)33985779X |
| 924 | 1 | |9 2080 |a (DE-603)1023531542 |b DE-2080 |c HES |d d |g / | |


